[Event "4. Bayer Open"]
[Site "Leverkusen"]
[Date "2007.01.29"]
[Round "3"]
[White "Balduan, Markus"]
[Black "Reinemer, Frank"]
[Result "1-0"]
[WhiteElo "2299"]
[BlackElo "2097"]
[PlyCount "121"]
[EventDate "2007.??.??"]
[EventType "swiss"]
[EventRounds "7"]
[EventCountry "GER"]
[Source "Manfred Birnkot"]
[SourceDate "2007.03.26"]

1. Nf3 g6 2. e4 Bg7 3. d4 d6 4. Bc4 Nf6 5. Qe2 O-O 6. O-O c6 7. Bb3 b5 8. e5
Ne8 9. Bg5 d5 10. Qe3 a5 11. c3 Na6 12. Nbd2 Nac7 13. h4 Bf5 14. Bh6 Ne6 15.
Nh2 Bxh6 16. Qxh6 N8g7 17. Qe3 Nc7 18. Rfe1 Qd7 19. Ndf1 a4 20. Bd1 Be6 21. Ng3
f5 22. exf6 Rxf6 23. Nf3 Raf8 24. Qh6 Kh8 25. Ne5 Qe8 26. f3 Bg8 27. b3 axb3
28. axb3 Nce6 29. Qe3 Nf4 {
Bereits hier befand sich Schwarz in extremer Zeitnot.} 30. Ra7 Re6 31. Bc2 Qb8
32. Rea1 b4 33. Ra8 Qxa8 34. Rxa8 Rxa8 35. Qxf4 Ra1+ 36. Kh2 Rf6 37. Qd2 Ne6
38. Ng4 Rf4 39. Ne2 Rf8 40. Qe3 Ra2 41. Qe5+ Ng7 42. Bd3 bxc3 43. Nxc3 Rb2 44.
Na4 Rxb3 45. Nc5 Rb2 46. Kh3 Ra8 47. Ne3 Ra1 48. Nf1 Raa2 49. g4 Rf2 50. Kg3
Rg2+ 51. Kf4 Ra8 52. Kg5 Rf8 53. Kh6 Rf6 54. Nd7 Rf7 55. Nf8 g5 56. Bg6 Re2 57.
Qxe2 Rxf8 58. Qxe7 Ne6 59. Bf5 Rf7 60. Qxe6 Rf6+ 61. Qxf6# 1-0

[Event "4. Bayer Open"]
[Site "Leverkusen"]
[Date "2007.01.29"]
[Round "3"]
[White "Kies, Werner"]
[Black "Mladenov, Svetlin"]
[Result "0-1"]
[WhiteElo "1952"]
[BlackElo "2304"]
[PlyCount "62"]
[EventDate "2007.??.??"]
[EventType "swiss"]
[EventRounds "7"]
[EventCountry "GER"]
[Source "Manfred Birnkot"]
[SourceDate "2007.03.26"]

1. e4 e5 2. Bc4 Nf6 3. d3 Nc6 4. Nf3 Bc5 5. Bg5 a6 6. c3 Ba7 7. Nbd2 d6 8. b4
Ne7 9. Qb3 O-O 10. Qb2 Ng6 11. O-O h6 12. Be3 Nh5 13. d4 Nhf4 14. Rfd1 Qf6 15.
Bf1 Bg4 16. g3 Nh3+ 17. Bxh3 Bxh3 18. Ne1 Qe7 19. Qc2 Rae8 20. Ng2 exd4 21.
cxd4 f5 22. exf5 Bxf5 23. Qc4+ Be6 24. Qd3 Qf7 25. a3 Bd5 26. Rac1 Qf6 $6 27.
Re1 $2 Rxe3 $1 28. Qxe3 Bxd4 29. Ne4 Bxe4 30. Qxe4 Bxf2+ 31. Kh1 Bxe1 0-1

[Event "4. Bayer Open"]
[Site "Leverkusen"]
[Date "2007.01.29"]
[Round "3"]
[White "Negele, Michael"]
[Black "Pützkaul, Karl"]
[Result "1-0"]
[WhiteElo "2173"]
[BlackElo "1874"]
[PlyCount "45"]
[EventDate "2007.??.??"]
[EventType "swiss"]
[EventRounds "7"]
[EventCountry "GER"]
[Source "Manfred Birnkot"]
[SourceDate "2007.03.26"]

1. e4 c6 2. d4 d5 3. e5 Bf5 4. Nc3 e6 5. g4 Bg6 6. Nge2 c5 7. h4 h6 8. Be3 Nc6
9. dxc5 Nxe5 10. Nd4 a6 11. f4 Nc6 12. f5 exf5 13. gxf5 Bh7 14. Qf3 Nf6 15.
O-O-O Qd7 16. Nxc6 bxc6 17. Bd3 Rb8 18. Bf4 Rb4 19. a3 Rxb2 20. Kxb2 Qb7+ 21.
Ka2 Bxc5 22. Rb1 Qa7 23. Rb8+ 1-0

[Event "4. Bayer Open"]
[Site "Leverkusen"]
[Date "2007.01.29"]
[Round "3"]
[White "Böhm, Stefan"]
[Black "Marcziter, Dmitrii"]
[Result "1/2-1/2"]
[WhiteElo "1964"]
[BlackElo "2165"]
[PlyCount "89"]
[EventDate "2007.??.??"]
[EventType "swiss"]
[EventRounds "7"]
[EventCountry "GER"]
[Source "Manfred Birnkot"]
[SourceDate "2007.03.26"]

1. d4 Nf6 2. c4 d6 3. Nc3 g6 4. e4 Bg7 5. h3 O-O 6. Bg5 c5 7. d5 h6 8. Be3 e6
9. Bd3 exd5 10. cxd5 a6 11. a4 Re8 12. Nf3 Nbd7 13. O-O Rb8 14. Qd2 Kh7 15.
Rab1 c4 16. Bc2 b5 17. axb5 axb5 18. Nd4 b4 19. Ncb5 Rxb5 20. Nxb5 b3 21. Nxd6
bxc2 22. Qxc2 Re7 23. Qxc4 Ne5 24. Qxc8 Qxd6 25. f4 Nd3 26. Qc4 Nxb2 27. Rxb2
Rxe4 28. Qd3 Qxd5 29. Rb3 Qe6 30. Bc1 Nd5 31. Qf3 Bd4+ 32. Kh1 Ne7 33. g4 f5
34. Ba3 Re1 35. Rb7 Rxf1+ 36. Qxf1 Bf6 37. Bxe7 Bxe7 38. Qg2 Qe1+ 39. Kh2 Qe3
40. Kh1 Qe1+ 41. Kh2 Qe3 42. Qf1 fxg4 43. hxg4 h5 44. gxh5 Kh6 45. Rxe7 1/2-1/2

[Event "4. Bayer Open"]
[Site "Leverkusen"]
[Date "2007.01.29"]
[Round "3"]
[White "Wegener, Marcus"]
[Black "Khanukov, Boris"]
[Result "0-1"]
[WhiteElo "1807"]
[BlackElo "2297"]
[PlyCount "54"]
[EventDate "2007.??.??"]
[EventType "swiss"]
[EventRounds "7"]
[EventCountry "GER"]
[Source "Manfred Birnkot"]
[SourceDate "2007.03.26"]

1. e4 g6 2. d4 Bg7 3. Nc3 c6 4. Bc4 b5 5. Bb3 b4 6. Nce2 d5 7. exd5 cxd5 8. Bd2
a5 9. a3 bxa3 10. Rxa3 Nc6 11. Nf3 e6 12. h4 Nge7 13. h5 Ba6 14. Ba4 Kf8 15.
Bg5 Bxe2 16. Kxe2 f6 17. h6 fxg5 18. hxg7+ Kxg7 19. Nxg5 Qd6 20. Bxc6 Nxc6 21.
Rf3 Ra7 22. Rfh3 Kg8 23. Kf1 Re7 24. Nf3 Qf4 25. Rh4 Qf5 26. Qd2 Rf7 27. c3 Rb7
{Und in für ihn vorteilhafter Stellung überschritt Weiss die Zeit.} 0-1

[Event "4. Bayer Open"]
[Site "Leverkusen"]
[Date "2007.01.26"]
[Round "3"]
[White "Krauth, Alexander"]
[Black "Lommen, Frank"]
[Result "1/2-1/2"]
[WhiteElo "2102"]
[BlackElo "2033"]
[PlyCount "42"]
[EventDate "2007.??.??"]
[EventType "swiss"]
[EventRounds "7"]
[EventCountry "GER"]
[Source "Manfred Birnkot"]
[SourceDate "2007.03.26"]

1. d4 d6 2. Nf3 g6 3. e4 Bg7 4. c3 Nf6 5. Bd3 O-O 6. O-O c5 7. Re1 Nc6 8. d5
Nb8 9. c4 e5 10. Nc3 Na6 11. a3 Nh5 12. Be3 h6 13. Qd2 Kh7 14. Rab1 f5 15. Qc2
f4 16. Bd2 Nf6 17. h3 Nc7 18. b4 b6 19. bxc5 bxc5 20. Rb3 g5 21. Nh2 h5 1/2-1/2

[Event "4. Bayer Open"]
[Site "Leverkusen"]
[Date "2007.01.29"]
[Round "3"]
[White "Schmitz, Andreas"]
[Black "Hess, Christian"]
[Result "1/2-1/2"]
[WhiteElo "1880"]
[BlackElo "2036"]
[PlyCount "54"]
[EventDate "2007.??.??"]
[EventType "swiss"]
[EventRounds "7"]
[EventCountry "GER"]
[Source "Manfred Birnkot"]
[SourceDate "2007.03.26"]

1. Nf3 g6 2. d4 d6 3. c3 Bg7 4. e4 Nd7 5. Bd3 c6 6. Qb3 Qc7 7. Bc4 e6 8. Bf4
Nb6 9. Nbd2 e5 10. dxe5 dxe5 11. Be3 Nf6 12. O-O Nxc4 13. Qxc4 O-O 14. h3 Be6
15. Qe2 h6 16. Nh2 Nh5 17. Rfd1 Rad8 18. Nb3 b6 19. Rxd8 Rxd8 20. Rd1 Bf8 21.
Nc1 Kh7 22. b3 Be7 23. Rxd8 Qxd8 24. Qd2 f5 25. Bxh6 Qxd2 26. Bxd2 fxe4 27. Ng4
Bxg4 1/2-1/2

[Event "4. Bayer Open"]
[Site "Leverkusen"]
[Date "2007.01.29"]
[Round "3"]
[White "Werbeck, Thorsten"]
[Black "Wirths, Clara"]
[Result "0-1"]
[WhiteElo "2102"]
[BlackElo "1901"]
[PlyCount "26"]
[EventDate "2007.??.??"]
[EventType "swiss"]
[EventRounds "7"]
[EventCountry "GER"]
[Source "Manfred Birnkot"]
[SourceDate "2007.03.26"]

1. d4 d6 2. c4 e5 3. Nc3 Nd7 4. e4 c6 5. Nf3 g6 6. Be2 Bg7 7. O-O Ne7 8. b3 O-O
9. Ba3 exd4 10. Nxd4 c5 11. Ndb5 a6 12. Rc1 axb5 13. Nxb5 Nc6 0-1

[Event "4. Bayer Open"]
[Site "Leverkusen"]
[Date "2007.01.29"]
[Round "3"]
[White "Karwatzki, Hans-Jürgen"]
[Black "Weiler, Wolfgang"]
[Result "1/2-1/2"]
[WhiteElo "1539"]
[BlackElo "2070"]
[PlyCount "70"]
[EventDate "2007.??.??"]
[EventType "swiss"]
[EventRounds "7"]
[EventCountry "GER"]
[Source "Manfred Birnkot"]
[SourceDate "2007.03.26"]

1. e4 e6 2. d4 d5 3. e5 c5 4. c3 Nc6 5. Nf3 Bd7 6. dxc5 Qc7 7. Bf4 Nge7 8. Bg3
Ng6 9. b4 a5 10. Bb5 axb4 11. Bxc6 Bxc6 12. cxb4 b6 13. O-O bxc5 14. bxc5 Ba4
15. Qd2 Bxc5 16. Nc3 Bb4 $4 17. Nxd5 exd5 18. Qxb4 Qe7 19. Rfb1 O-O 20. Qxe7
Nxe7 21. Nd4 Rfc8 22. Rb7 Rc4 23. Rxe7 Rxd4 24. f3 Rd2 25. e6 fxe6 26. Be5 Rd1+
27. Rxd1 Bxd1 28. Rxg7+ Kf8 29. Rxh7 Rxa2 30. h4 Re2 31. f4 Bc2 32. Rc7 Be4 33.
Rg7 Bc2 34. Rc7 Be4 35. Rg7 Bc2 1/2-1/2

[Event "4. Bayer Open"]
[Site "Leverkusen"]
[Date "2007.01.29"]
[Round "3"]
[White "Buchkremer, Felix"]
[Black "Proba, Stefan"]
[Result "1-0"]
[WhiteElo "2051"]
[BlackElo "1882"]
[PlyCount "61"]
[EventDate "2007.??.??"]
[EventType "swiss"]
[EventRounds "7"]
[EventCountry "GER"]
[Source "Manfred Birnkot"]
[SourceDate "2007.03.26"]

1. e4 c6 2. d4 d5 3. exd5 cxd5 4. c4 Nf6 5. Nc3 Nc6 6. Nf3 Bg4 7. cxd5 Nxd5 8.
Qb3 Bxf3 9. gxf3 Nb6 10. Be3 e6 11. O-O-O Be7 12. d5 exd5 13. Nxd5 Nxd5 14.
Rxd5 Qc7 15. Kb1 O-O 16. f4 Rad8 17. Bg2 Rxd5 18. Bxd5 Na5 19. Qa4 b6 20. Rc1
Qd6 21. Rd1 Qb8 22. b4 Nb7 23. Qd7 Qd6 24. Bxf7+ Rxf7 25. Rxd6 Nxd6 26. Qxa7
Nc4 27. Qa8+ Bf8 28. Qd5 Nxe3 29. fxe3 g6 30. a3 Kg7 31. Qd4+ 1-0

[Event "4. Bayer Open"]
[Site "Leverkusen"]
[Date "2007.01.29"]
[Round "3"]
[White "Friedsam, Manfred"]
[Black "Werner, Michael"]
[Result "1/2-1/2"]
[WhiteElo "1804"]
[BlackElo "1975"]
[PlyCount "68"]
[EventDate "2007.??.??"]
[EventType "swiss"]
[EventRounds "7"]
[EventCountry "GER"]
[Source "Manfred Birnkot"]
[SourceDate "2007.03.26"]

1. e4 c5 2. Nc3 Nc6 3. g3 g6 4. Bg2 Bg7 5. d3 d6 6. f4 e6 7. Nf3 Nge7 8. O-O
O-O 9. Ne2 Rb8 10. c3 f5 11. Qc2 b5 12. Be3 Kh8 13. Rad1 h6 14. d4 c4 15. d5
fxe4 16. dxc6 exf3 17. Bxf3 Qc7 18. Be4 Kh7 19. Qd2 d5 20. Bb1 Nxc6 21. Qc2 Ne7
22. Nd4 Bd7 23. Rfe1 Rbe8 24. Bf2 e5 25. fxe5 Bxe5 26. Qd2 Bg7 27. Ne6 Bxe6 28.
Rxe6 Nf5 29. Bxf5 gxf5 30. Qxd5 Rd8 31. Qf3 Rxd1+ 32. Qxd1 Qf7 33. Qd6 Re8 34.
Rxe8 Qxe8 1/2-1/2

[Event "4. Bayer Open"]
[Site "Leverkusen"]
[Date "2007.01.29"]
[Round "3"]
[White "Remmler, Dirk"]
[Black "Keller, Karsten"]
[Result "1/2-1/2"]
[WhiteElo "1787"]
[BlackElo "2077"]
[PlyCount "39"]
[EventDate "2007.??.??"]
[EventType "swiss"]
[EventRounds "7"]
[EventCountry "GER"]
[Source "Manfred Birnkot"]
[SourceDate "2007.03.26"]

1. e4 e6 2. d3 d5 3. Nd2 Nf6 4. Ngf3 Bc5 5. e5 Nfd7 6. d4 Be7 7. c3 c5 8. Bd3
Nc6 9. Bb1 a5 10. O-O a4 11. Re1 Qb6 12. c4 Nxd4 13. Nxd4 cxd4 14. Qg4 Kf8 15.
cxd5 exd5 16. Qf3 Qe6 17. Qg3 Nc5 18. h3 Qb6 19. Nf3 Ne6 20. a3 1/2-1/2

[Event "4. Bayer Open"]
[Site "Leverkusen"]
[Date "2007.01.29"]
[Round "3"]
[White "Schimpf, Rolf"]
[Black "Schreiber, Peter"]
[Result "1-0"]
[WhiteElo "1822"]
[BlackElo "1711"]
[PlyCount "109"]
[EventDate "2007.??.??"]
[EventType "swiss"]
[EventRounds "7"]
[EventCountry "GER"]
[Source "Manfred Birnkot"]
[SourceDate "2007.03.26"]

1. d4 Nf6 2. c4 g6 3. Nc3 Bg7 4. e4 d6 5. f3 O-O 6. Be3 e5 7. d5 Nh5 8. Qd2 f5
9. O-O-O fxe4 10. Nxe4 b6 11. Ne2 Nd7 12. N2c3 a5 13. Bg5 Nhf6 14. Be2 Nc5 15.
Nxf6+ Bxf6 16. Bxf6 Qxf6 17. Rhf1 Bd7 18. Ne4 Nxe4 19. fxe4 Qh4 20. h3 Qxe4 21.
Bd3 Qh4 22. Qe3 Rxf1 23. Rxf1 Rf8 24. Rxf8+ Kxf8 25. Kd2 Kg7 26. Ke2 Bf5 27. g4
Bxd3+ 28. Kxd3 Qf6 29. g5 {Weiss bietet Remis an.} Qf1+ 30. Kc3 b5 31. cxb5
Qxb5 32. Qf3 Qb4+ 33. Kc2 Qc4+ 34. Kb1 Qf4 35. Qxf4 exf4 36. Kc2 Kf7 37. Kd3
Ke7 38. Ke4 Kd7 39. Kxf4 c6 40. dxc6+ Kxc6 41. Ke4 Kc5 42. Kd3 a4 43. Kc3 Kd5
44. b4 Kc6 45. Kc4 d5+ 46. Kd4 a3 47. Kc3 Kb5 48. Kb3 d4 49. Kxa3 Kc4 50. b5
Kxb5 51. Kb3 Kc5 52. a4 d3 53. Kc3 d2 54. Kxd2 Kb4 55. Ke3 1-0

[Event "4. Bayer Open"]
[Site "Leverkusen"]
[Date "2007.01.29"]
[Round "3"]
[White "Gutt, Oswald"]
[Black "Witte, Thomas"]
[Result "1-0"]
[WhiteElo "1919"]
[BlackElo "1657"]
[PlyCount "103"]
[EventDate "2007.??.??"]
[EventType "swiss"]
[EventRounds "7"]
[EventCountry "GER"]
[Source "Manfred Birnkot"]
[SourceDate "2007.03.26"]

1. Nf3 Nf6 2. g3 d5 3. Bg2 Nc6 4. d4 Bf5 5. O-O e6 6. c3 Bd6 7. Nbd2 h6 8. Qa4
Qd7 9. b4 Nb8 10. Qb3 a5 11. a4 axb4 12. cxb4 b5 13. a5 Nc6 14. Ba3 Ne4 15. e3
O-O 16. Rfc1 Ra6 17. Nxe4 Bxe4 18. Ne1 Bxg2 19. Kxg2 Rc8 20. Nd3 Ne7 21. Ra2 c6
22. Rac2 f5 23. Rc5 Raa8 24. Bb2 Ra6 25. Qc3 Qe8 26. Qc2 Qh5 27. Qd1 Qxd1 28.
Rxd1 Kf7 29. Rc2 Raa8 30. Rdc1 Rc7 31. Ne5+ Bxe5 32. dxe5 h5 33. Bd4 g6 34. Bc5
Ke8 35. Bxe7 Kxe7 36. Rc5 Kd7 37. h4 Rg8 38. f4 Rcc8 39. Kf3 Kc7 40. Rxb5 Kd7
41. Rb7+ Rc7 42. Rxc7+ Kxc7 43. Ke2 Kb7 44. Kd3 Ra8 45. Kd4 Rb8 46. Rc5 Kc7 47.
b5 Kd7 48. b6 Rb7 49. Rc1 Rb8 50. Kc5 Ra8 51. Ra1 Ra6 52. Ra2 1-0

[Event "4. Bayer Open"]
[Site "Leverkusen"]
[Date "2007.01.29"]
[Round "3"]
[White "Jankowiak, Frank"]
[Black "Scharff, Klaus"]
[Result "0-1"]
[WhiteElo "1694"]
[BlackElo "1922"]
[PlyCount "66"]
[EventDate "2007.??.??"]
[EventType "swiss"]
[EventRounds "7"]
[EventCountry "GER"]
[Source "Manfred Birnkot"]
[SourceDate "2007.03.26"]

1. e4 e6 2. Nf3 d5 3. exd5 exd5 4. d4 Bd6 5. Nc3 c6 6. Bd3 Bg4 7. Qe2+ Ne7 8.
Bg5 f6 9. Bd2 Nd7 10. h3 Bh5 11. g4 Bf7 12. Nh4 g6 13. O-O-O Qc7 14. Ng2 O-O-O
15. f4 Rhe8 16. Qf2 {Weiss bietet Remis an.} b5 17. Qh4 Bg8 18. Ne2 a5 19. Qe1
b4 20. c3 Qb6 21. Ne3 c5 22. cxb4 axb4 23. Kb1 c4 24. Rc1 Nc6 25. Bxc4 dxc4 26.
d5 Rxe3 27. dxc6 Nb8 28. Bxe3 Qxe3 29. Rd1 Nxc6 30. Qd2 Qa7 31. Qc2 Kc7 32. Rc1
Qa6 33. f5 b3 0-1

[Event "4. Bayer Open"]
[Site "Leverkusen"]
[Date "2007.01.29"]
[Round "3"]
[White "Wolfradt, Dirk"]
[Black "Hasanovic, Huzeir"]
[Result "1-0"]
[WhiteElo "2035"]
[BlackElo "1616"]
[PlyCount "113"]
[EventDate "2007.??.??"]
[EventType "swiss"]
[EventRounds "7"]
[EventCountry "GER"]
[Source "Manfred Birnkot"]
[SourceDate "2007.03.26"]

1. d4 Nf6 2. Nf3 g6 3. c4 d6 4. Nc3 Bg7 5. e4 c5 6. dxc5 Qa5 7. Bd3 dxc5 8. O-O
O-O 9. Bd2 Qd8 10. Qe2 Nc6 11. h3 a6 12. e5 Nd7 13. Bf4 e6 14. Rad1 Qc7 15.
Rfe1 b6 16. Qe3 Rd8 17. Be4 Rb8 18. Bxc6 Qxc6 19. Rd6 Qc7 20. Red1 Bb7 21. Bg5
Bxf3 22. Bxd8 Rxd8 23. gxf3 Bxe5 24. Rxd7 Bh2+ 25. Kg2 Rxd7 26. Rxd7 Qxd7 27.
Kxh2 Qd6+ 28. Kg2 f5 29. f4 Kf7 30. Ne2 h5 31. Ng1 Qc6+ 32. Nf3 Kf6 33. Qc3+
Kf7 34. Kh2 Qd6 35. Ne5+ Kg7 36. Qd3 Qd4 37. Qxd4 cxd4 38. Kg2 Kh6 39. h4 Kg7
40. Kf3 Kf6 41. Nd7+ Ke7 42. Nxb6 Kd6 43. b4 e5 44. fxe5+ Kxe5 45. Nd7+ Ke6 46.
Nc5+ Ke5 47. Nd3+ Kd6 48. Kf4 Ke6 49. a4 Kd6 50. Kg5 Ke6 51. Kxg6 f4 52. Kg5 f3
53. Kf4 Kf6 54. Kxf3 Kf5 55. a5 Ke6 56. Ke4 Kd6 57. Kxd4 {
und Schwarz hatte endlich ein Einsehen mit seinem Gegner.} 1-0

[Event "4. Bayer Open"]
[Site "Leverkusen"]
[Date "2007.01.29"]
[Round "3"]
[White "Birnkott, Manfred"]
[Black "Lessing, Sebastian"]
[Result "1-0"]
[WhiteElo "1905"]
[BlackElo "1599"]
[PlyCount "55"]
[EventDate "2007.??.??"]
[EventType "swiss"]
[EventRounds "7"]
[EventCountry "GER"]
[Source "Manfred Birnkot"]
[SourceDate "2007.03.26"]

1. e4 e5 2. f4 Bc5 3. Nf3 d6 4. Bc4 Bg4 5. fxe5 dxe5 6. Bxf7+ Kf8 7. Bb3 Nf6 8.
Qe2 Nc6 9. c3 Qe7 10. d3 Rd8 11. Be3 Na5 12. Bc2 Bxe3 13. Qxe3 Ke8 14. Qxa7 b6
15. b4 Bxf3 16. gxf3 Nxe4 17. dxe4 Qh4+ 18. Ke2 Rf8 19. Qxc7 Rf7 20. Qxe5+ Kf8
21. bxa5 Qh3 22. Qg3 Qh6 23. Rd1 Re8 24. Qd6+ Qxd6 25. Rxd6 bxa5 26. Na3 Rc8
27. c4 Rb7 28. Rb1 1-0

[Event "4. Bayer Open"]
[Site "Leverkusen"]
[Date "2007.01.29"]
[Round "3"]
[White "Herrmann, Christoph"]
[Black "Hoeper, Heinz-Joachim"]
[Result "1-0"]
[WhiteElo "1837"]
[BlackElo "1526"]
[PlyCount "107"]
[EventDate "2007.??.??"]
[EventType "swiss"]
[EventRounds "7"]
[EventCountry "GER"]
[Source "Manfred Birnkot"]
[SourceDate "2007.03.26"]

1. Nf3 d5 2. c4 Nf6 3. cxd5 Bf5 4. Nc3 Nxd5 5. Qb3 Nxc3 6. bxc3 b6 7. g3 Nd7 8.
Ng5 e6 9. Bg2 Rb8 10. d4 Be7 11. h4 h6 12. Nh3 c5 13. e4 Bg6 14. Nf4 Bh7 15. d5
e5 16. Ne2 b5 17. a4 c4 18. Qc2 Nc5 19. O-O Nb3 20. Ra2 bxa4 21. Rxa4 Nxc1 {
Schwarz bietet Remis an.} 22. Rxc1 Rb5 23. Qa2 Qb6 24. Ra6 Qc5 25. Rc6 Qa3 26.
Qxc4 Rc5 27. Rxc5 Bxc5 28. Qb5+ Ke7 29. Qb7+ Kf6 30. Qc6+ Bd6 31. c4 Qc5 32.
Qxc5 Bxc5 33. Nc3 Rb8 34. Rb1 Rxb1+ 35. Nxb1 Ke7 36. Nc3 a5 37. Na4 Bd4 38. c5
Kd7 39. c6+ Kc7 40. Kf1 f5 41. f3 h5 42. Ke2 g6 43. Kd3 Bf2 44. g4 Bxh4 45.
gxf5 gxf5 46. Kc4 Be7 47. Kb5 Bb4 48. Nc5 fxe4 49. fxe4 h4 50. Na6+ Kd6 51. Kb6
Bd2 52. c7 h3 53. Nc5 $3 hxg2 54. c8=N# 1-0

[Event "4. Bayer Open"]
[Site "Leverkusen"]
[Date "2007.01.29"]
[Round "3"]
[White "Wieland, Ingo"]
[Black "Ziabari, Morteza"]
[Result "0-1"]
[WhiteElo "1688"]
[BlackElo "1880"]
[PlyCount "86"]
[EventDate "2007.??.??"]
[EventType "swiss"]
[EventRounds "7"]
[EventCountry "GER"]
[Source "Manfred Birnkot"]
[SourceDate "2007.03.26"]

1. e4 d6 2. d4 Nf6 3. Nc3 c6 4. f4 Bg4 5. Qd3 Na6 6. a3 h6 7. h3 Bh5 8. f5 e5
9. g4 Qb6 10. Nf3 O-O-O 11. Be2 Bxg4 12. hxg4 Nxg4 {Schwarz bietet Remis an.}
13. Qc4 exd4 14. Qxd4 c5 15. Qc4 Rd7 16. Nd5 Qd8 17. Bd2 Nc7 18. Ba5 b6 19.
Bxb6 axb6 20. Nxb6+ Kb7 21. Nxd7 Qxd7 22. Qb3+ Kc8 23. Rg1 Nf6 24. Bd3 d5 25.
exd5 Nfxd5 26. O-O-O Qd6 27. Kb1 Qf4 28. Ba6+ Nxa6 29. Qxd5 Nc7 30. Qd7+ Kb7
31. Rd3 c4 32. Rc3 f6 33. Rd1 Bc5 34. Nd4 Qg4 35. Nb5 Rc8 36. Nd6+ Bxd6 37.
Rxd6 Qg1+ 38. Ka2 Qc5 39. Rd4 Qb5 40. Rdxc4 $4 Qxd7 41. Rb3+ Ka7 42. Rcb4 Na6
43. Rb5 Rb8 {Dem Glücklichen schlägt keine Stunde.} 0-1

[Event "4. Bayer Open"]
[Site "Leverkusen"]
[Date "2007.01.29"]
[Round "3"]
[White "Glaser, Steffen"]
[Black "Seelig, Jochen"]
[Result "0-1"]
[WhiteElo "1936"]
[BlackElo "1333"]
[PlyCount "61"]
[EventDate "2007.??.??"]
[EventType "swiss"]
[EventRounds "7"]
[EventCountry "GER"]
[Source "Manfred Birnkot"]
[SourceDate "2007.03.26"]

1. e4 b6 2. c4 Bb7 3. Nc3 e6 4. d4 Bb4 5. Bd3 Nf6 6. f3 Bxc3+ 7. bxc3 Nh5 8.
Be3 g5 9. Qd2 h6 10. Ne2 d6 11. g4 Ng7 12. h4 f6 13. hxg5 e5 14. d5 h5 15. gxh5
Rxh5 16. O-O-O Qe7 17. Ng3 Rxh1 18. Rxh1 Nd7 19. Rh8+ Nf8 20. Bf1 O-O-O 21.
gxf6 Qxf6 22. Bg5 Qxf3 23. Bh3+ Kb8 24. Bxd8 Ng6 25. Rh7 Qxg3 26. Rxg7 Qxh3 27.
Bxc7+ Kc8 28. Bxd6 Qh1+ 29. Kb2 Qxe4 30. Qc2 Qxc4 31. Rc7+ 0-1

[Event "4. Bayer Open"]
[Site "Leverkusen"]
[Date "2007.01.29"]
[Round "3"]
[White "Granz, Thomas"]
[Black "Bosbach, Jens"]
[Result "1/2-1/2"]
[WhiteElo "1687"]
[BlackElo "1867"]
[PlyCount "71"]
[EventDate "2007.??.??"]
[EventType "swiss"]
[EventRounds "7"]
[EventCountry "GER"]
[Source "Manfred Birnkot"]
[SourceDate "2007.03.26"]

1. e4 c6 2. Nf3 d5 3. exd5 cxd5 4. d4 Nc6 5. h3 Nf6 6. Bd3 e6 7. Bg5 h6 8. Bh4
Qb6 9. b3 Bd7 10. c3 Rc8 11. Nbd2 Bd6 12. Rc1 Qc7 13. c4 Nb4 14. Bb1 Bf4 15. a3
Nc6 16. O-O g5 17. Bg3 Ne7 18. Bxf4 Qxf4 19. Qe2 g4 20. Qe5 {
Weiss bietet Remis an.} Qxe5 21. Nxe5 h5 22. h4 O-O 23. f3 dxc4 24. fxg4 c3 25.
Ndc4 Nxg4 26. Nxd7 Rfd8 27. Nce5 f5 28. Nxg4 hxg4 29. Nc5 Rxd4 30. Nxe6 Rd2 31.
Bxf5 Nxf5 32. Rxf5 c2 33. Rff1 Re8 34. Nf4 Re3 35. Nh5 Ree2 36. Nf4 1/2-1/2

[Event "4. Bayer Open"]
[Site "Leverkusen"]
[Date "2007.01.29"]
[Round "3"]
[White "Runte, Dirk"]
[Black "Romaker, Johann"]
[Result "0-1"]
[WhiteElo "1683"]
[BlackElo "1863"]
[PlyCount "56"]
[EventDate "2007.??.??"]
[EventType "swiss"]
[EventRounds "7"]
[EventCountry "GER"]
[Source "Manfred Birnkot"]
[SourceDate "2007.03.26"]

1. d4 Nf6 2. c4 c6 3. g3 d5 4. Bg2 e6 5. b3 Nbd7 6. Nf3 Bd6 7. O-O e5 8. dxe5
Nxe5 9. Bb2 Nxf3+ 10. Bxf3 dxc4 11. bxc4 O-O 12. Qc2 Qe7 13. Nd2 Be5 14. e3
Bxb2 15. Qxb2 Bg4 16. Bxg4 Nxg4 17. Rac1 Ne5 18. Qc3 Rfd8 19. f4 Nd3 20. Rce1
Nxe1 21. Rxe1 Rd7 22. Nf3 Rad8 23. Nd4 Qe4 24. g4 f6 25. h3 c5 26. Nf5 Rd2 27.
Nh4 Rc2 28. Qa5 Rdd2 0-1

[Event "4. Bayer Open"]
[Site "Leverkusen"]
[Date "2007.01.29"]
[Round "3"]
[White "Witte, Volker"]
[Black "Weinmann-Musset, Manfred"]
[Result "1/2-1/2"]
[WhiteElo "1644"]
[BlackElo "1852"]
[PlyCount "91"]
[EventDate "2007.??.??"]
[EventType "swiss"]
[EventRounds "7"]
[EventCountry "GER"]
[Source "Manfred Birnkot"]
[SourceDate "2007.03.26"]

1. d4 f5 2. g3 Nf6 3. Bg2 e6 4. Nh3 Be7 5. Nd2 d5 6. c4 c6 7. O-O O-O 8. f3 Na6
9. cxd5 exd5 10. Nb3 Nc7 11. Qc2 a5 12. a4 Qe8 13. Bd2 b6 14. Rac1 Bd7 15. Nf4
g5 16. Nd3 Ne6 17. Ne5 Nxd4 18. Nxd4 Bc5 19. Nxd7 Bxd4+ 20. Kh1 Qxd7 21. Bxg5
Bc5 22. Bh3 Ne8 23. e4 Qg7 24. Qd2 fxe4 25. Bh6 Qe5 26. Bxf8 e3 27. Qe2 Kxf8
28. f4 Qe7 29. Bg2 Nf6 30. f5 Re8 31. g4 Qe5 32. g5 Bd6 33. Bf3 Ne4 34. Bxe4
Qxe4+ 35. Rf3 c5 36. g6 hxg6 37. fxg6+ Kg7 38. Qg2 Rh8 39. Rf7+ Kg8 40. Rh7
Qxg2+ 41. Kxg2 Rxh7 42. gxh7+ Kxh7 43. Kf3 d4 44. b3 Kh6 45. Rg1 Kh7 46. Rg4
1/2-1/2

[Event "4. Bayer Open"]
[Site "Leverkusen"]
[Date "2007.01.29"]
[Round "3"]
[White "Marino, Eric"]
[Black "Schipp, Cyrill"]
[Result "0-1"]
[WhiteElo "1623"]
[BlackElo "1820"]
[PlyCount "48"]
[EventDate "2007.??.??"]
[EventType "swiss"]
[EventRounds "7"]
[EventCountry "GER"]
[Source "Manfred Birnkot"]
[SourceDate "2007.03.26"]

1. e4 c5 2. Nf3 e6 3. d4 cxd4 4. Nxd4 a6 5. f4 d5 6. e5 Bc5 7. Be3 Qb6 8. b3
Nc6 9. c3 Nge7 10. b4 Bxd4 11. Bxd4 Nxd4 12. cxd4 Qxb4+ 13. Qd2 Nc6 14. Qxb4
Nxb4 15. Na3 Nc6 16. Nc2 b5 17. Bd3 Bd7 18. O-O Ke7 19. Rfb1 Rhb8 20. Kf2 Na5
21. a4 bxa4 22. Rxb8 Rxb8 23. Bxa6 Rb2 24. Bd3 Nb3 0-1

[Event "4. Bayer Open"]
[Site "Leverkusen"]
[Date "2007.01.29"]
[Round "3"]
[White "Kolleck, Wolf-Dieter"]
[Black "Rosskothen, Arnd"]
[Result "0-1"]
[WhiteElo "1582"]
[BlackElo "1991"]
[PlyCount "108"]
[EventDate "2007.??.??"]
[EventType "swiss"]
[EventRounds "7"]
[EventCountry "GER"]
[Source "Manfred Birnkot"]
[SourceDate "2007.03.26"]

1. e4 c5 2. d4 cxd4 3. c3 Nf6 4. e5 Nd5 5. cxd4 e6 6. a3 Qc7 7. Bd2 b6 8. Nc3
Nxc3 9. Bxc3 Bb7 10. Nf3 Be7 11. Rc1 O-O 12. Bd3 Qd8 13. Qe2 a5 14. O-O d6 15.
Rfd1 Nd7 16. Be4 Bxe4 17. Qxe4 d5 18. Qe2 Qb8 19. Qb5 Qa7 20. Rc2 Rfc8 21. Rdc1
Rc7 22. Qd3 Rac8 23. Be1 Qb7 24. Rxc7 Rxc7 25. Rc3 Bd8 26. Bd2 Rxc3 27. Qxc3 b5
28. Bg5 Bb6 29. Bd2 Qc7 30. Qxc7 Bxc7 31. Ne1 f6 32. f4 Bb6 33. Nf3 fxe5 34.
Be3 exf4 35. Bxf4 h6 36. Kf1 Kf7 37. Ke2 g5 38. Be3 g4 39. Ne1 h5 40. Nd3 Bc7
41. h3 Kf6 42. Nf4 Bxf4 43. Bxf4 e5 44. Be3 Kf5 45. Kd3 e4+ 46. Ke2 Nb6 47. b3
a4 48. b4 Nc4 49. Bc1 e3 50. Bxe3 Nxa3 51. Bd2 Ke4 52. Bc3 Nc2 53. Kf2 a3 54.
Kg3 Kd3 0-1